| 000 | 00443nam a2200157 i 4500 | ||
|---|---|---|---|
| 001 | 95609 | ||
| 003 | ES-MaACL | ||
| 005 | 20230906181736.0 | ||
| 007 | t| | ||
| 008 | 050601s1964 sp ||||1| cat d | ||
| 100 | 1 |
_aLlompart, Josep M. _972812 |
|
| 245 | 1 | 3 |
_aLa literatura moderna a les Balears / _cJosep María Llompart. |
| 260 |
_aMallorca : _bMoll, _c1964. |
||
| 300 |
_a235 p., 11 lám. ; _c24 cm. |
||
| 852 |
_aES-MaACL _jC-27186 _bR.56071 |
||
| 999 |
_c95609 _d95609 |
||